000 00290nam a22001337a 4500
008 170220b xxu||||| |||| 00| 0 eng d
020 _a9780323045889
041 _aeng
080 _28ed
_a615
100 _a5
101 _ashf
245 _aCALCULATIOM DRUG DOSAGE
_cOGDEN
942 _2udc
_cBK
999 _c5800
_d5800